Southville International School and Colleges
Your cart is empty.
  • Cart
  • Lists
    Public lists Eva Luna New books Lux_list list_1
    Your lists Log in to create your own lists
  • Log in to your account
  • Your cookies
  • Search history
Southville International School and Colleges
  • Advanced search
  • Recent comments
  • Most popular
  • Libraries

Log in to your account

Log in with GOOGLE


If you do not have an external account, but do have a local account, you can still log in:

  1. Home
  2. MARC view: Food and beverage service /
Normal view MARC view ISBD view

Food and beverage service / (Record no. 14417)

[ view plain ]
MARC details
000 -LEADER
fixed length control field 00531nam a22001817a 4500
003 - CONTROL NUMBER IDENTIFIER
control field PILC
005 - DATE AND TIME OF LATEST TRANSACTION
control field 20150112093432.0
008 - FIXED-LENGTH DATA ELEMENTS--GENERAL INFORMATION
fixed length control field 130226t xxu||||| |||| 00| 0 eng d
020 ## - INTERNATIONAL STANDARD BOOK NUMBER
International Standard Book Number 0340847026
050 ## - LIBRARY OF CONGRESS CALL NUMBER
Classification number TX 911.3.M27
Item number .L55 2002
082 ## - DEWEY DECIMAL CLASSIFICATION NUMBER
Classification number HSF 642.619
Item number L62 2002
100 ## - MAIN ENTRY--PERSONAL NAME
Personal name Lillicrap, Dennis
245 ## - TITLE STATEMENT
Title Food and beverage service /
Statement of responsibility, etc Dennis Lillicrap, John Cousins and Robert Smith
250 ## - EDITION STATEMENT
Edition statement 6th ed.
260 ## - PUBLICATION, DISTRIBUTION, ETC. (IMPRINT)
Place of publication, distribution, etc London
Name of publisher, distributor, etc Hodder and Stoughton
Date of publication, distribution, etc 2002.
300 ## - PHYSICAL DESCRIPTION
Extent 469 pages :
Other physical details ill.
Dimensions 24cm.
942 ## - ADDED ENTRY ELEMENTS (KOHA)
Source of classification or shelving scheme Library of Congress Classification
Koha item type Books
Holdings
Withdrawn status Lost status Source of classification or shelving scheme Damaged status Home library Current library Shelving location Date acquired Total Checkouts Full call number Barcode Date last seen Copy number Price effective from Koha item type Total Renewals Date checked out
    Library of Congress Classification   Southville International School Affiliated with Foreign Universities Library Southville International School Affiliated with Foreign Universities Library Southville Foreign University Section 08/22/2013   TX 911.3.M27 .L55 2002 SFU0645 05/15/2018 1 08/22/2013 Books    
    Library of Congress Classification   Southville International School Affiliated with Foreign Universities Library Southville International School Affiliated with Foreign Universities Library Southville Foreign University Section 08/31/2013 2 TX 911.3.M27 .L55 2002 SFU0662 05/15/2018 1 08/31/2013 Books 3 03/12/2018

Food and beverage service /

APA

Lillicrap D., . (2002). Food and beverage service. London: Hodder and Stoughton.

Chicago

Lillicrap Dennis, . 2002. Food and beverage service. London: Hodder and Stoughton.

Harvard

Lillicrap D., . (2002). Food and beverage service. London: Hodder and Stoughton.

MLA

Lillicrap Dennis, . Food and beverage service. London: Hodder and Stoughton. 2002.

  • Place hold
  • Print
  • Cite
  • Add to your cart (remove)
  • Save record
    BIBTEX Dublin Core MARCXML MARC (non-Unicode/MARC-8) MARC (Unicode/UTF-8) MARC (Unicode/UTF-8, Standard) MODS (XML) RIS
  • More searches
    Search for this title in:
    Other Libraries (WorldCat) Other Databases (Google Scholar) Online Stores (Bookfinder.com) Open Library (openlibrary.org)

Exporting to Dublin Core...

SOUTHVILLE LIBRARY

Southville International School and Colleges Library

1281 Tropical Ave. Cor. Luxembourg St., BF Homes International, Las Pinas City

Tel. No. 8256374 / 252358 Loc. 117/146

Powered by Koha